000 00191 a2200085 4500
020 _a9789386648846
100 _aDhiman,Vivek
245 _aDBS Handbook of Urban Development
260 _b DBS
_c2024
999 _c13129
_d13129